Представление документа в формате RUSMARC

ПолеНазваниеЗначение
  Тип записи a
  Библиографический уровень m
001 Контрольный номер RU/CBS_UL/BASE/701263462
005 Дата корректировки 20251112115813.9
010 Индекс ISBN __
a ISBN
b Уточнения в пер.
d Цена 2 р. 20 к.
9 Тираж экз.
100 Данные общей обработки __
a Данные общей обработки 20220322d2022 ||| 0rusy0189 ca
101 Язык документа 0_
a Язык текста rus
102 Страна публикации __
a Страна публикации RU
105 Кодированные данные (монография) __
a Кодированные данные (монография) y###||||000|y
181 Поле кодированных данных: вид содержания _1
a Код вида содержания (ISBD) i#
b Код характеристики содержания (ISBD) #xxe##
d i
g x
h x
i e
2 Код системы (источник кода, отличный от ISBD) isbdcontent
182 Поле кодированных данных: тип средства _1
a Код типа средства (ISBD) n
2 Код системы (источник кода, отличный от ISBD) isbdmedia
200 Заглавие и сведения об ответственности 1_
a Заглавие Вам жить дальше
b Общее обозначение материала Текст
e Сведения, относящиеся к заглавию рассказы и повести
f Первые сведения об ответственности И. Г. Торопов
g Последующие сведения об ответственности пер. с коми С. Панкратова
w Текст (визуальный) : непосредственный
203 Вид содержания и тип средства __
a Вид содержания Текст
b Характеристика содержания визуальный
c Тип средства непосредственный
210 Выходные данные 1_
a Место издания Москва
c Издательство Советская Россия
d Дата издания 1985
215 Физическое описание __
a Объем 432 с.
c Иллюстрации/тип воспроизводства портр.
d Формат см.
225 Серия 0_
a Серия Государственная премия им. М. Горького
300 Общие примечания __
a Общие примечания Под инв. номером 14468: Цс-1, 9-1, 12с-1, 19-1
333 Примечание о целевом назначении __
a Примечание о целевом назначении 16+
606 Тематические рубрики 0_
a Основная рубрика Литература народов Коми, 20 в. - Проза
610 Ключевые слова 0_
a Ключевые слова литература российская
a Ключевые слова проза российская
a Ключевые слова рассказы
a Ключевые слова повести
a Ключевые слова годы военные
686 Индексы других классификаций __
a Классификационный индекс 84(2Рос=Ком)
2 Код системы rubbk
700 Автор _1
a Фамилия Торопов
b Имя (инициалы) Иван Григорьевич
g Полное личное имя И. Г.
801 Источник записи _0
a Страна RU
b Организация МБУК ЦБС
c Дата составления 20220322
g Правила каталогизации RCR
801 Источник записи _1
a Страна RU
b Организация МБУК ЦБС г. Ульяновска
c Дата составления 20220322
g Правила каталогизации RCR
899 Данные о местонахождении __
i Авторский знак Т 61
j Расстановочный фильтр Р6=Коми
901 Тип документа __
t Тип документа m
910 Корректоры записи __
a Корректор записи Мотина